000 01298nam a2200373Ia 4500
001 dia_332
003 CHAP
005 20221215133612.0
008 220117s1996 xx 000 0 und d
010 _a170886
020 _a92-5-303858-6
040 _cCHAP
082 _a630 E88 1996
110 _aFAO
_939428
245 _aEl estado mundial de la agricultura y la alimentación 1996 /
_c Organización de las Naciones Unidas para la Agricultura y la Alimentación
260 _aItalia :
_b FAO,
_c1996
300 _axxiv, 330 p.
410 _aCOLECCION FAO. AGRICULTURA,29
440 _aColección FAO: Agricultura ; 29
_9148168
503 _aI. 194119 (ej.1) \ I. 194120 (ej.2)
504 _aIncluye bibliografías
590 _aS401.N3 E88 1996
650 _aAgricultura
_xEstadísticas
_91417
650 _aAgriculture
_xStatistics
_9148169
650 _aFood production
_9148170
650 _aFood security
_9147369
650 _aProducción de alimentos
_9148171
650 _aSeguridad de los alimentos
_9147372
710 _aOrganización de las Naciones Unidas para la Agricultura y la Alimentación (FAO)
_9144278
901 _a630 E88 1996
902 _aM
905 _a5232271996 it mn 8226223322spa16
942 _cLIBRO
_2ddc
999 _c170886
_d170886